000 00369nam a2200157Ia 4500
005 20250423095104.0
008 250422s9999 xx 000 0 und d
020 _a0- 451- 52507- 8
050 _aPQ6329.A3/
100 _aWalter Starkie
245 0 _aDon Quixote of La Mancha
260 _bPenguine books, inc.
260 _c1964
300 _a1052 p
942 _cBK
999 _c29204
_d29204